Термодинамический анализ устойчивости основных минералов продуктов выветривания; Геология и геофизика; № 11

Podrobná bibliografie
Parent link:Геология и геофизика: научный журнал/ Российская академия наук (РАН), Сибирское отделение (СО).— , 1960-.— 0016-7886
№ 11.— 1979.— С. 76-83
Hlavní autor: Шварцев С. Л. Степан Львович
Další autoři: Баженов В. А.
Jazyk:ruština
Vydáno: 1979
Témata:
Médium: MixedMaterials Kapitola
KOHA link:https://koha.lib.tpu.ru/cgi-bin/koha/opac-detail.pl?biblionumber=410265

MARC

LEADER 00000naa2a2200000 4500
001 410265
005 20231101071315.0
035 |a (RuTPU)RU\TPU\prd\64174 
035 |a RU\TPU\tpu\15589 
090 |a 410265 
100 |a 20090317a1979 k y0rusy50 ca 
101 0 |a rus 
102 |a RU 
200 1 |a Термодинамический анализ устойчивости основных минералов продуктов выветривания   |f С. Л. Шварцев, В. А. Баженов 
320 |a Библиогр.: 22 назв. 
461 1 |0 (RuTPU)RU\TPU\prd\1420  |x 0016-7886  |t Геология и геофизика  |o научный журнал  |f Российская академия наук (РАН), Сибирское отделение (СО)  |d 1960- 
463 1 |0 (RuTPU)RU\TPU\prd\63528  |t № 11  |v С. 76-83  |d 1979 
610 1 |a труды учёных ТПУ 
700 1 |a Шварцев  |b С. Л.  |c российский гидрогеолог, доктор геолого-минералогических наук  |c профессор Томского политехнического университета, академик РАЕН  |f 1936-  |g Степан Львович  |2 stltpush  |3 (RuTPU)RU\TPU\pers\25914  |4 070 
701 1 |a Баженов  |b В. А.  |4 070 
801 1 |a RU  |b 63413507  |c 20071008  |g PSBO 
801 2 |a RU  |b 63413507  |c 20101110  |g PSBO 
942 |c BK